| 000 | 00758nam a22001937a 4500 | ||
|---|---|---|---|
| 999 |
_c15270 _d15270 |
||
| 003 | AR-CdUCM | ||
| 008 | 190426b ||||| |||| 00| 0 spa d | ||
| 040 |
_aMUNICIPALIDAD PROVINCIAL DEL CUSCO _cBIBLIOTECA MUNICIPAL DEL CUSCO |
||
| 082 |
_aC / 985.0331 / _bV48 |
||
| 100 |
_aVergara Collazos, Antonio _934319 |
||
| 245 | _aLos Tupac Amaru en Europa (1780-1980) / | ||
| 260 |
_aEspaña : _bA.T.E. _c1981. |
||
| 300 |
_a215 páginas ; _c21 cm. |
||
| 505 | _aOdisea de la familia de tupac amaru en Europa -- Los europeos estudian a Tupac Amaru -- Los peruanos estudian a Tupac Amaru -- El pueblo de Polonia conoce y admira a Tupac Amaru... | ||
| 650 |
_aTupac Amaru. _9623 |
||
| 650 |
_aTupac Amaru en Europa. _934320 |
||
| 942 |
_2ddc _cLIBROS |
||
| 945 | _awfj | ||